Statistics for All 50k+ Cities in Poland with a Map

Click here to take the quiz!

General Stats

  • This quiz has been taken 2,309 times
  • The average score is 38 of 83

Answers on the Map

Answers color-coded by a green-red scale on the quiz's map according to % correct below.
 

Answer Stats

ProvincePopulationCity% Correct
Masovia1,790,658Warsaw
98%
Pomerania470,907Gdańsk
96%
Lesser Poland779,115Kraków
94%
Łódź679,941Łódź
91%
Lower Silesia642,869Wrocław
88%
Greater Poland534,813Poznań
87%
Lublin339,784Lublin
86%
West Pomerania401,907Szczecin
86%
Silesia292,774Katowice
85%
Pomerania246,348Gdynia
83%
Podlaskie297,554Białystok
77%
Kuyavia-Pomerania348,190Bydgoszcz
75%
Opole128,035Opole
71%
Kuyavia-Pomerania201,447Toruń
68%
Silesia220,433Częstochowa
63%
Subcarpathia196,208Rzeszów
63%
Masovia211,371Radom
62%
Warmia-Masuria171,979Olsztyn
61%
Holy Cross194,852Kielce
60%
Lubusz141,222Zielona Góra
59%
Warmia-Masuria119,317Elbląg
56%
Silesia178,603Gliwice
53%
Silesia199,974Sosnowiec
53%
Lubusz123,609Gorzów Wielkopolski
52%
West Pomerania107,048Koszalin
51%
Masovia119,425Płock
49%
Podlaskie69,758Suwałki
49%
Lesser Poland108,470Tarnów
49%
Silesia170,663Bielsko-Biała
47%
Silesia172,360Zabrze
46%
Silesia165,263Bytom
45%
Silesia107,807Chorzów
44%
Subcarpathia60,689Przemyśl
43%
Warmia-Masuria62,109Ełk
42%
Greater Poland100,246Kalisz
42%
Lower Silesia72,300Lubin
42%
Pomerania90,681Słupsk
42%
Lower Silesia111,356Wałbrzych
42%
Kuyavia-Pomerania109,883Włocławek
42%
Lower Silesia99,350Legnica
41%
Lower Silesia79,061Jelenia Góra
40%
Silesia138,098Rybnik
40%
Silesia127,590Tychy
40%
Lesser Poland83,794Nowy Sącz
38%
Greater Poland73,139Piła
38%
Lublin63,437Zamość
38%
Lublin61,932Chełm
37%
Kuyavia-Pomerania72,561Inowrocław
36%
West Pomerania67,837Stargard
36%
Greater Poland73,522Konin
35%
Greater Poland68,217Gniezno
34%
Łódź73,090Piotrków Trybunalski
34%
Silesia137,360Ruda Śląska
34%
Silesia119,373Dąbrowa Górnicza
33%
Kuyavia-Pomerania94,368Grudziądz
33%
Podlaskie62,945Łomża
33%
Greater Poland71,931Ostrów Wielkopolski
33%
Lublin57,170Biała Podlaska
32%
Masovia62,317Pruszków
32%
Masovia78,185Siedlce
32%
Greater Poland63,505Leszno
30%
Pomerania59,951Tczew
29%
Lower Silesia66,980Głogów
28%
Masovia52,055Ostrołęka
28%
Łódź56,973Bełchatów
27%
Masovia53,886Legionowo
27%
Subcarpathia60,323Mielec
27%
Silesia62,472Żory
25%
Opole60,641Kędzierzyn-Koźle
24%
Silesia74,618Mysłowice
24%
Holy Cross68,338Ostrowiec Świętokrzyski
24%
Łódź64,757Pabianice
24%
Subcarpathia60,466Stalowa Wola
24%
Łódź56,190Zgierz
24%
Silesia88,743Jastrzębie-Zdrój
22%
Silesia91,115Jaworzno
22%
Lower Silesia56,803Świdnica
22%
Silesia61,686Tarnowskie Góry
22%
Łódź61,960Tomaszów Mazowiecki
22%
Silesia54,739Racibórz
21%
Silesia66,841Siemianowice Śląskie
21%
Silesia56,354Będzin
20%
Silesia55,030Piekary Śląskie
20%

Score Distribution

Percentile by Number Answered

Percent of People with Each Score

Your Score History

You have not taken this quiz